000 00878cam a2200241 4500
001 23091
005 20230410123511.0
008 060907n1994 dr spa
035 _9funglode23258
041 _aES
050 1 4 _aKGQ 135
_bP645d 1994
100 1 _aPina Acevedo M., Ramón
245 1 0 _aEn defensa del patrimonio del Estado /
_cRamón Pina Acevedo
260 _aSanto Domingo :
_bEditora Taller,
_c1994
300 _a157 p
600 1 0 _aJorge Blanco, Salvador,
_d1926-2010
_xTrials, litigation, etc.
650 0 _aTrials (Political crimes and offenses)
_zDominican Republic.
650 0 _aUnjust enrichment
_zDominican Republic.
650 4 _aDelitos de los funcionarios
_zRepública Dominicana.
650 4 _aDelitos contra la Administración Pública
_zRepública Dominicana.
650 4 _aProcesos por peculado
_zRepública Dominicana.
942 _2lcc
_cbk
999 _c62708
_d62708